Extension communication and management (Record no. 16302)
[ view plain ]
| 000 -LEADER | |
|---|---|
| fixed length control field | 00369nam a22001577a 4500 |
| 003 - CONTROL NUMBER IDENTIFIER | |
| control field | OSt |
| 008 - FIXED-LENGTH DATA ELEMENTS--GENERAL INFORMATION | |
| fixed length control field | 200820b ||||| |||| 00| 0 eng d |
| 020 ## - INTERNATIONAL STANDARD BOOK NUMBER | |
| ISBN | 9789327276541 |
| 082 ## - DEWEY DECIMAL CLASSIFICATION NUMBER | |
| Classification number | 630.715 |
| Item number | RAY/EX |
| 100 ## - MAIN ENTRY--AUTHOR NAME | |
| Personal name | Ray,G.L. |
| 245 ## - TITLE STATEMENT | |
| Title | Extension communication and management |
| 250 ## - EDITION STATEMENT | |
| Edition statement | 8 |
| 260 ## - PUBLICATION, DISTRIBUTION, ETC. (IMPRINT) | |
| Place of publication | Ludhiana |
| Name of publisher | Kalyani |
| Year of publication | 2017 |
| 300 ## - PHYSICAL DESCRIPTION | |
| Number of Pages | 382 |
| 942 ## - ADDED ENTRY ELEMENTS (KOHA) | |
| Koha item type | Books |
| Withdrawn status | Lost status | Damaged status | Collection code | Home library | Current library | Shelving location | Date acquired | Source of acquisition | Cost, normal purchase price | Full call number | Accession Number | Koha item type |
|---|---|---|---|---|---|---|---|---|---|---|---|---|
| General Books | KAUAET | KAUAET | Scheme | 27/07/2020 | Aman Book stall | 350.00 | 630.715 RAY/EX | BB 572 | Book Bank scheme for SC students | |||
| General Books | KAUAET | KAUAET | Scheme | 27/07/2020 | Aman Book stall | 350.00 | 630.715 RAY/EX | BB 573 | Book Bank scheme for SC students | |||
| General Books | KAUAET | KAUAET | Scheme | 31/03/2021 | M/S TBS Books Calicut | 395.00 | 630.715 RAY/EX | BB 620 | Book Bank scheme for SC students | |||
| General Books | KAUAET | KAUAET | Scheme | 31/03/2021 | M/S TBS Books Calicut | 395.00 | 630.715 RAY/EX | BB 621 | Book Bank scheme for SC students |
